000 00861nam a22002657a 4500
003 PE SENCICO BE
005 20251020182633.0
008 230308b |||||||| |||| 00| 0 eng d
020 _a978-958-762-777-0
040 _aPE SENCICO BE
_cPE SENCICO BE
041 _aspa
082 _a720.07
_bD71
_c2018
100 1 _9792
_aDiez, Gloria
_eautor
245 1 _aNociones prácticas de diseño estructural :
_bpara sistemas isostáticos en arquitectura /
_cGloria Diez
250 _a2a ed.
260 _aBogotá :
_bEdiciones de la U,
_c2018
300 _a450 p. :
_bdiagrs.,
_c24 cm.
440 _9793
_aArquitectura
504 _aBibliografía: p [451].
650 1 4 _949
_aArquitectura
650 2 4 _916
_aDiseño de estructuras
650 2 4 _918
_aDiseño arquitectónico
910 _bhfp
_chfp
942 _2ddc
_cLIB
_h720.07
_iD71
999 _c4055
_d4055